| 000 | 00583nam a2200193 i 4500 | ||
|---|---|---|---|
| 001 | bg | ||
| 100 | 1 | _aVOGT, Beata | |
| 245 | 0 |
_aRzut cechowany : _bzbiór zadań z geometrii wykreślnej / _cBeata Vogt, Otmar Vogt ; Politechnika Krakowska im. Tadeusza Kościuszki. |
|
| 250 | _aWyd. 2. | ||
| 260 |
_aKraków : _bPK, _c1992. |
||
| 300 |
_a99 s. : _bpl., rys., wykr. ; _c24 cm. |
||
| 700 | 1 | _aVOGT, Otmar | |
| 710 | _aPOLITECHNIKA KRAKOWSKA (Kraków) | ||
| 040 | _cBPK | ||
| 041 | _apol | ||
| 080 | _a514.18(075.8)(076) | ||
| 942 | _cKS | ||
| 008 | s pl f |000 0 pol | ||
| 999 |
_c6314 _d6314 |
||
| 856 |
_uhttp://koha.tu.koszalin.pl/cgi-bin/koha/opac-detail.pl?biblionumber=6314 _yKatalog online BPK |
||